Andhra Pradesh - State Quiz - Statistics

General Stats
  • This quiz has been taken 110 times
  • The average score is 11 of 20
Answer Stats
Hint Answer % Correct
Region separated from it in 2014 Telangana
94%
Official language Telugu
94%
Legislative capital Amaravati
86%
The main rivers that flow through the state Krishna
78%
Executive capital Visakhapatnam
76%
Godavari
72%
Classical form of dance originating from this state Kuchipudi
64%
One of the world's largest diamonds mined in its Kollur Mines Koh-i-Noor
57%
Pingali Venkayya, a freedom fighter and a native of this state, is best known for designing what? Indian national flag
56%
Mountain range in its eastern region Eastern Ghats
55%
Judicial capital Kurnool
55%
Nagarjunsagar-Srisailam is the largest ____ reserve in India Tiger
52%
Late medieval empire that ruled over the region {Vijayanagara} Empire
49%
State nickname The {Rice Bowl} of India
43%
Large temple complex located in the southeastern city of Tirupati {Venkateswara} Temple
38%
Second-largest brackish water lagoon located in the southeast, also the namesake of a city in Tamil Nadu {Pulicat} Lake
30%
State animal Blackbuck
24%
India's primary spaceport bordering the above {Satish Dhawan} Space Centre
24%
Ancient dynasty that ruled over the region, also known as the Andhras Satavahana
23%
Cricketer from Hyderabad known for his elegant stroke play VVS Laxman
21%
No matching quizzes found
Score Distribution
Percent of People with Each Score
Percentile by Number Answered
Your Score History
You have not taken this quiz